Anyone can make a million

Đã lưu trong:
书目详细资料
主要作者: Shulman, Morton
格式: 图书
语言:Undetermined
出版: New York McGraw-Hill 1966
主题:
标签: 添加标签
没有标签, 成为第一个标记此记录!
Thư viện lưu trữ: Trung tâm Học liệu Trường Đại học Cần Thơ
LEADER 00503nam a2200193Ia 4500
001 CTU_99528
008 210402s9999 xx 000 0 und d
082 |a 332.63 
082 |b S562 
100 |a Shulman, Morton 
245 0 |a Anyone can make a million 
245 0 |c Morton Shulman 
260 |a New York 
260 |b McGraw-Hill 
260 |c 1966 
650 |a Investments,Speculation 
650 |z United states 
904 |i Tuyến 
980 |a Trung tâm Học liệu Trường Đại học Cần Thơ